000 00677nam a2200253Ia 4500
001 39475
005 20240114002054.0
007 ta
008 070824s1951 g b000 u 098 u
040 _aCotton College,Assam
041 _a098
082 _a297
_bK
100 _aKhan, Hazarat Syed Ahmed .
245 0 _aTarjuma-E-Future of Islam /
_cHazarat Syed Ahmed Khan.
_hTextual Documents
250 _a1st ed. /
260 _aDelhi :
_bMahbubul Mutaba Barki ,
_c1951.
300 _a224p. ;
_c19cm.
653 _aReligion-Islam
653 _aIslamic religion
653 _aG-Arabic & Persian
942 _2ddc
_cBK
999 _c39447
_d39447